Grandes corrientes del derecho penal : (Registro nro. 28741)

Detalles MARC
000 -LEADER
fixed length control field 01353nam a2200277Ia 4500
003 - CONTROL NUMBER IDENTIFIER
control field CO-CtgCURN
005 - DATE AND TIME OF LATEST TRANSACTION
control field 20250407223902.0
008 - FIXED-LENGTH DATA ELEMENTS--GENERAL INFORMATION
fixed length control field 190723s9999 xx 000 0 und d
020 ## - INTERNATIONAL STANDARD BOOK NUMBER
International Standard Book Number 9583503827
040 ## - CATALOGING SOURCE
Original cataloging agency CO-CtgCURN
Language of cataloging spa
Transcribing agency coctgcurn
082 ## - DEWEY DECIMAL CLASSIFICATION NUMBER
Classification number 345
Item number A282g
100 ## - MAIN ENTRY--PERSONAL NAME
Personal name Agudelo Betancur, Nodier
Relator term autor
9 (RLIN) 5547
245 #0 - TITLE STATEMENT
Title Grandes corrientes del derecho penal :
Remainder of title escuela clásica /
Statement of responsibility, etc. Nodier Agudelo Betancur
250 ## - EDITION STATEMENT
Edition statement 3 edición
260 ## - PUBLICATION, DISTRIBUTION, ETC.
Place of publication, distribution, etc. Bogotá, Colombia :
Name of publisher, distributor, etc. Editorial Temis,
Date of publication, distribution, etc. 2002
300 ## - PHYSICAL DESCRIPTION
Extent 140 páginas ;
Dimensions 18 centímetros
505 ## - FORMATTED CONTENTS NOTE
Formatted contents note Caracterización general de la obra carrariana y su proyección actual: aspecto sistemático y aspecto político -- Mirada de conjunto sobre el pensamiento de Carrara como epígono de la escuela clásica -- Las corrientes de pensamiento que confluyen en la obra de Carrara: asitotélico-tomismo, demoliberalismo y racionalismo -- Carrera en su contexto histórico y político.
521 ## - TARGET AUDIENCE NOTE
Target audience note AREA PROFESIONAL
590 ## - LOCAL NOTE (RLIN)
Local note Programa de Derecho_18
650 ## - SUBJECT ADDED ENTRY--TOPICAL TERM
Topical term or geographic name entry element Derecho penal
9 (RLIN) 5548
942 ## - ADDED ENTRY ELEMENTS (KOHA)
Koha item type Libros
Classification part 345
Item part A282g
Source of classification or shelving scheme Dewey Decimal Classification
Suppress in OPAC No
Existencias
Withdrawn status Lost status Damaged status Not for loan Collection Home library Current library Shelving location Date acquired Inventory number Total checkouts Full call number Barcode Date last seen Copy number Price effective from Koha item type
          Miguel Henríquez Castañeda Barranquilla Miguel Henríquez Castañeda Barranquilla General 05/23/2018 01308   345 A282g 01308 07/23/2019 ej.1 07/23/2019 Libros
          Miguel Henríquez Castañeda Barranquilla Miguel Henríquez Castañeda Barranquilla General 05/23/2018 01309   345 A282g 01309 07/23/2019 ej.2 07/23/2019 Libros
          Miguel Henríquez Castañeda Barranquilla Miguel Henríquez Castañeda Barranquilla General 05/23/2018 01310   345 A282g 01310 07/23/2019 ej.3 07/23/2019 Libros
          Miguel Henríquez Castañeda Barranquilla Miguel Henríquez Castañeda Barranquilla General 05/23/2018 01311   345 A282g 01311 07/23/2019 ej.4 07/23/2019 Libros